000 00691cam a2200253 i 4500
005 20260322212031.0
008 data
010 _a 78006070
020 _a0684156245 :
_c{dollar}14.95
020 _a9780684156248 :
_c{dollar}14.95
040 _aDLC
_cDLC
_dWaU
_dWaU
050 0 0 _aQL737.C22
_bL66
082 0 0 _a599/.74442
092 _a599.744 L66 1978
100 1 _aLopez, Barry Holstun,
_d1945-
245 1 0 _aOf wolves and men /
_cBarry Holstun Lopez.
260 _aNew York :
_bScribner,
_cc1978.
300 _a309 p. :
_bill. ;
_c25 cm.
500 _aIncludes index.
504 _aBibliography: p. 288-298.
650 0 _aGray wolf.
650 0 _aGray wolf
_vMiscellanea.
001 data
999 _c705
_d705